|
|
|
|
| LEADER |
00000cam a2200000 a 4500 |
| 001 |
vtls001478670 |
| 003 |
SK-MaSNL |
| 005 |
20260426011632.0 |
| 008 |
240226s2004 xo l grn 001 0 slo |
| 015 |
|
|
|a SNBA2004/08-04665
|
| 020 |
|
|
|a 8022407879
|
| 035 |
|
|
|a SNK000433970
|
| 035 |
|
|
|a urn:nbn:sk:snk-am3j2wn
|
| 035 |
|
|
|a 4E45CE4E-7141-4BE7-B9F0-793725CFEEBA
|
| 035 |
|
|
|a urn:nbn:sk:snk-am00gi0q
|
| 040 |
|
|
|a SNK
|b slo
|c SNK
|e AACR2
|
| 041 |
0 |
|
|a slo
|b eng
|
| 043 |
|
|
|a e-xo---
|
| 044 |
|
|
|a xo
|c SK
|
| 072 |
|
7 |
|a 322
|x Politika a náboženstvo. Vzťahy medzi cirkvou a štátom
|2 konspekt
|
| 080 |
|
|
|a 322
|2 1997
|
| 080 |
|
|
|a 321.74
|2 1997
|
| 080 |
|
|
|a 27
|2 1997
|
| 080 |
|
|
|a 2-7
|2 2011
|
| 080 |
|
|
|a 321.74
|2 2011
|
| 080 |
|
|
|a 322
|2 2011
|
| 080 |
|
|
|a 94(437)"1968/1989"
|2 2011
|
| 080 |
|
|
|a (437.6)
|2 2011
|
| 080 |
|
|
|a (048.8)
|2 2011
|
| 080 |
|
|
|a 328/329
|2 2011
|
| 080 |
|
|
|a 2-6
|2 2011
|
| 100 |
1 |
|
|a Pešek, Jan,
|d 1949-
|4 aut
|9 85425
|
| 245 |
1 |
0 |
|a V zovretí normalizácie
|b cirkvi na Slovensku v rokoch 1969-1989
|c Jan Pešek, Michal Barnovský
|
| 250 |
|
|
|a 1. vyd.
|
| 260 |
|
|
|a Bratislava
|b Veda
|c 2004
|
| 300 |
|
|
|a 230 strán
|b schémy, tabuľky
|c 21 cm
|
| 504 |
|
|
|a Bibliografia na strane 217-220 ; použité skratky ; register
|
| 546 |
|
|
|a Anglické resumé
|
| 648 |
|
7 |
|a 1969-1989
|2 SNKPH
|9 284676
|
| 650 |
0 |
7 |
|a cirkvi
|2 SNKPH
|9 22180
|
| 650 |
0 |
7 |
|a komunistický režim
|2 SNKPH
|9 4699
|
| 650 |
0 |
7 |
|a štát a cirkev
|2 SNKPH
|9 4233
|
| 650 |
0 |
7 |
|a normalizácia (1969-1989 : Československo)
|2 SNKPH
|9 68643
|
| 650 |
0 |
7 |
|a politika a vláda
|2 SNKPH
|9 3868
|
| 650 |
0 |
7 |
|a náboženské pomery
|2 SNKPH
|9 3860
|
| 651 |
|
7 |
|a Slovensko
|2 SNKPHgeo
|9 14231
|
| 655 |
|
7 |
|a štúdie
|2 SNKPH
|9 57033
|
| 700 |
1 |
|
|a Barnovský, Michal,
|d 1937-2008
|4 aut
|9 97763
|
| 919 |
|
|
|a 80-224-0787-9
|
| 958 |
|
|
|a NB
|
| 958 |
|
|
|a NT
|
| 999 |
|
|
|c 1075185
|d 1077115
|
| 952 |
|
|
|t P60, <03>, [BOOK], {603}
|a SNK
|b SNK
|y PREZ
|7 0
|p 17A0437598
|o snkSC 116665
|i snkKSP 9578/2004
|0 0
|1 0
|4 0
|d 2004-07-16
|f 1
|l 0
|r 2025-10-16 00:00:00
|w 2026-02-24
|
| 952 |
|
|
|t snkNOR 27(437.6)
|a SNKUST
|b SNKUST
|y PREZ
|7 0
|p 17A0437597
|o snkSC 116665 D1
|i snkKSP 9579/2004
|0 0
|1 0
|4 0
|d 2004-07-16
|l 0
|r 2025-03-20 00:00:00
|w 2026-02-24
|